[Event "Summer Festival Open"]
[Site "Lisbon POR"]
[Date "2000.08.24"]
[Round "4"]
[White "Conde Llinares,J"]
[Black "Costa,FJ"]
[Result "0-1"]
[WhiteElo "2163"]
[BlackElo "2113"]

1.e4 c5 2.Nf3 e6 3.d4 cxd4 4.Nxd4 Nc6 5.Nc3 Qc7 6.g3 a6 7.Bg2 Nf6 8.O-O Be7
9.Re1 d6 10.Nb3 O-O 11.f4 Rb8 12.Qe2 Re8 13.Be3 b5 14.Bf3 b4 15.Nd1 a5 16.Qg2 Bb7
17.c4 a4 18.Nd2 h5 19.Nf2 Bf8 20.Rac1 Ba8 21.h3 Na5 22.Nd3 g6 23.g4 hxg4
24.hxg4 Nd7 25.f5 Bg7 26.Kf2 a3 27.b3 Nc6 28.Nf1 Nde5 29.Red1 Nxd3+ 30.Rxd3 Ne5
31.Rdd1 exf5 32.gxf5 Nxf3 33.Qxf3 Bxe4 34.Qf4 Bxf5 35.Qxd6 Qb7 36.Rd5 Qe7
37.Qxe7 Rxe7 38.Bc5 Re6 39.Ne3 Be4 40.Rd7 Rc8 41.Bxb4 Bc6 42.Rcd1 Bxd7 43.Rxd7 Rce8
44.Bc5 Bf8 45.Bd4 Bh6 46.Nd5 Re2+ 47.Kf3 Bg7 48.Nc7 R8e4 49.Rd8+ Kh7 50.Bc5 Bb2
51.Ra8 g5 52.Nd5 g4+ 53.Kg3 Be5+ 54.Kh4 f6 55.Ra7+ Kh8 56.Kh5 g3 57.Ne3 R2xe3
58.Bxe3 Rxe3 59.Kg6 Bb8 60.Rb7 Bd6  0-1

[Event "ECh-u20"]
[Site "Aviles ESP"]
[Date "2000.08.25"]
[Round "9"]
[White "Fluvia Poyatos,J"]
[Black "Mastrovasilis,D"]
[Result "0-1"]
[WhiteElo "2403"]
[BlackElo "2386"]

1.e4 c5 2.Nf3 e6 3.d4 cxd4 4.Nxd4 Nc6 5.Nc3 Qc7 6.Be2 a6 7.O-O Nf6 8.Be3 Bb4
9.Na4 O-O 10.Nxc6 bxc6 11.c4 Be7 12.c5 Nxe4 13.Qd4 f5 14.Bd3 d5 15.cxd6 Bxd6
16.Bxe4 Bxh2+ 17.Kh1 Be5 18.Qc4 fxe4 19.Qxe4 Rb8 20.Rac1 Bxb2 21.Rxc6 Qf7
22.Nxb2 Rxb2 23.Qe5 Rb5 24.Bc5 Bd7 25.Rc7 Rc8 26.Rxc8+ Bxc8 27.Rd1 Bd7 28.Rd3 Qf5
29.Qxf5 exf5 30.Be3 Be8 31.Kh2 Kf7 32.Ra3 a5 33.Bd2 Rb2 34.Bxa5 Rxf2 35.Rf3 Rxf3
36.gxf3 f4 37.Kh3 g5 38.Bd8 Kg6 39.Kg2 Bc6 40.Kf2 Kf5 41.Be7 h5 42.Bd8 g4
43.fxg4+ hxg4 44.Bb6 g3+ 45.Kg1 f3 46.Bc5 Bb5 47.Bb6 Ke4 48.a4 Bxa4 49.Bc5 Bb5  0-1

[Event "ECh-u20"]
[Site "Aviles ESP"]
[Date "2000.08.25"]
[Round "9"]
[White "Bucher,D"]
[Black "Castaldo,F"]
[Result "1/2-1/2"]
[WhiteElo "2350"]
[BlackElo "2227"]

1.e4 c5 2.Nf3 e6 3.d4 cxd4 4.Nxd4 Nc6 5.Nc3 Qc7 6.f4 Nxd4 7.Qxd4 a6 8.Be2 b5
9.Be3 Bb7 10.O-O-O Rc8 11.Rd2 Nf6 12.Bf3 Be7 13.Rhd1 O-O 14.e5 b4 15.Na4 Bxf3
16.gxf3 Nd5 17.Nb6 Nxb6 18.Qxb6 Qc4 19.Kb1 Rfd8 20.Qa7 h5 21.Qd4  1/2-1/2

[Event "Clasificatorio Abierto"]
[Site "Buenos Aires ARG"]
[Date "2000.08.25"]
[Round "7"]
[White "Pierucci,F"]
[Black "Bonaveri,A"]
[Result "0-1"]
[WhiteElo "2149"]
[BlackElo "2338"]

1.e4 c5 2.Nf3 e6 3.d4 cxd4 4.Nxd4 Nc6 5.Nc3 Qc7 6.Be2 Nf6 7.O-O a6 8.Be3 Bb4
9.Na4 O-O 10.f4 Nxe4 11.Nxc6 Qxc6 12.Qd4 Qxa4 13.c3 Nd6 14.f5 Nxf5 15.Rxf5 exf5
16.cxb4 Re8 17.Bc4 d5 18.Bxd5 Be6 19.Bxb7 Rab8 20.b3 Qb5 21.Bf3 Qxb4 22.Qxb4 Rxb4
23.Bc5 Rbb8 24.b4 Red8 25.Be2 Rd2 26.Bxa6 Bd5 27.Bf1 Rxa2 28.Rxa2 Bxa2 29.b5 Bd5
30.Kf2 f6 31.Ke3 Kf7 32.Kd4 Ke6 33.g3 g5 34.Kc3 f4 35.gxf4 gxf4 36.b6 Ke5
37.Bd4+ Ke4 38.Bd3+ Kf3 39.Kb4 Be4 40.Bf1 Rd8 41.Bxf6 Rd6 42.Bh4 Rxb6+ 43.Kc3 Rh6
44.Be1 Rxh2  0-1

[Event "Open"]
[Site "Porto San Giorgio ITA"]
[Date "2000.08.25"]
[Round "6"]
[White "Bratanov,Z"]
[Black "Lava,G"]
[Result "1-0"]
[WhiteElo "2400"]
[BlackElo "2211"]

1.e4 c5 2.Nf3 e6 3.d4 cxd4 4.Nxd4 Nc6 5.Nc3 Qc7 6.g3 a6 7.Bg2 d6 8.Bg5 Bd7
9.O-O h6 10.Be3 Nf6 11.h3 Be7 12.Nde2 Ne5 13.b3 Rc8 14.f4 Ng6 15.a4 O-O 16.a5 Bc6
17.Qe1 Rfe8 18.Qf2 Bf8 19.Bb6 Qb8 20.g4 Nd7 21.Ba7 Qc7 22.h4 Qd8 23.g5 hxg5
24.hxg5 Be7 25.Be3 Rf8 26.Qg3 Qe8 27.f5 exf5 28.exf5 Nge5 29.Rf2 Bd8 30.Bxc6 Rxc6
31.Rh2 Ng4 32.Bd4 Nxh2 33.Kxh2 Ne5 34.Kg2 Qd7 35.Rf1 Re8 36.Qh4 g6 37.Rh1 Bxg5
38.Qh8+  1-0

[Event "ch-FRA Haute"]
[Site "Vichy FRA"]
[Date "2000.08.25"]
[Round "10"]
[White "Koch,JR"]
[Black "Bacrot,E"]
[Result "0-1"]
[WhiteElo "2509"]
[BlackElo "2613"]

1.e4 c5 2.Nf3 Nc6 3.d4 cxd4 4.Nxd4 e6 5.Nc3 d6 6.Be3 Nf6 7.Bc4 Be7 8.Qe2 a6
9.O-O-O Qc7 10.Bb3 Na5 11.g4 Nxb3+ 12.axb3 b5 13.g5 Nd7 14.h4 b4 15.Na2 Bb7
16.f3 d5 17.exd5 Bxd5 18.Kb1 Qb7 19.Rhf1 O-O 20.f4 a5 21.f5 a4 22.f6 Bc5
23.fxg7 Rfc8 24.Qh5 Ne5 25.g6 Nxg6 26.Nf5 exf5 27.Rxf5 axb3 28.Bxc5 Rxc5
29.Rdxd5 bxa2+ 30.Ka1 Rxd5 31.Rxd5 Nf4  0-1

[Event "Open"]
[Site "Abudhabi UAE"]
[Date "2000.08.26"]
[Round "1"]
[White "Zagrebelny,S"]
[Black "Kadhi,H"]
[Result "1/2-1/2"]
[WhiteElo "2536"]
[BlackElo "2335"]

1.e4 c5 2.Nf3 e6 3.d4 cxd4 4.Nxd4 Nc6 5.Nc3 Qc7 6.Be2 a6 7.O-O Nf6 8.Kh1 Nxd4
9.Qxd4 Bc5 10.Qd3 b5 11.f4 Bb7 12.Bf3 h5 13.e5 Ng4 14.Bxb7 Qxb7 15.Ne4 Qc6
16.b3 Rc8 17.Bb2 h4 18.h3 Nh6 19.Bd4 Be7 20.c3 Nf5 21.Rfe1 O-O 22.Rad1 Rfd8
23.Qf3  1/2-1/2

[Event "Royal CC NED-GER Match"]
[Site "Venlo NED"]
[Date "2000.08.26"]
[Round "3"]
[White "Nijboer,F"]
[Black "Lutz,C"]
[Result "1/2-1/2"]
[WhiteElo "2537"]
[BlackElo "2595"]

1.e4 c5 2.Nf3 e6 3.Nc3 Nc6 4.d4 cxd4 5.Nxd4 Qc7 6.Be2 a6 7.O-O Nf6 8.Kh1 Nxd4
9.Qxd4 Bc5 10.Qd3 b5 11.f4 Bb7 12.Bf3 h5 13.e5 Ng4 14.Bxb7 Qxb7 15.Ne4 Rc8
16.a4 b4 17.Bd2 Be7 18.c4 bxc3 19.Bxc3 Nh6 20.Rfe1 h4 21.Rad1 Nf5 22.Qf3 Qc6
23.a5 Qb5 24.Rd3 Rc4 25.Red1 Qc6 26.Nf2 Qxf3 27.Rxf3 Bb4 28.Rdd3 Ke7 29.b3 Rxc3
30.Rxc3 Bxc3 31.Rxc3 Rb8 32.Nd3 Nd4 33.b4 Nc6 34.Rc4 Rb5 35.Kg1 Rd5 36.Nc5 Nxb4
37.Nxd7 Kxd7 38.Rxb4 Kc7 39.Rc4+ Kb7 40.Rb4+ Kc7 41.Rc4+ Kb7 42.Rb4+ Rb5
43.Rd4 Kc7 44.Rc4+ Kd7 45.Rd4+ Ke7 46.Rc4 Rxa5 47.Rc7+ Ke8 48.Ra7 g6 49.Kf2 Ra3
50.Ra8+ Ke7 51.Rh8 Ra4 52.Kf3 a5 53.Ra8 Ra2 54.h3 a4 55.Kg4 Rxg2+ 56.Kxh4 Ra2
57.Kg5 a3 58.Ra7+ Ke8 59.h4 Rg2+ 60.Kf6 Rf2 61.Ra8+ Kd7 62.Kxf7 Rxf4+ 63.Kxg6 Rxh4
64.Rxa3 Rf4 65.Rd3+  1/2-1/2

[Event "ECh-u20"]
[Site "Aviles ESP"]
[Date "2000.08.27"]
[Round "11"]
[White "Gomez Gomez,S"]
[Black "Ortega Ruiz,J"]
[Result "1/2-1/2"]
[WhiteElo "2095"]
[BlackElo "2255"]

1.e4 c5 2.Nf3 e6 3.Nc3 Nc6 4.d4 cxd4 5.Nxd4 Nf6 6.Nxc6 bxc6 7.e5 Nd5 8.Ne4 Qc7
9.f4 Ba6 10.c4 Bb4+ 11.Kf2 Qb6+ 12.Kf3 f5 13.Nf2 Ne7 14.Be3 Bc5 15.Bxc5 Qxc5
16.b3 g5 17.g3 g4+  1/2-1/2

[Event "ch-ESP"]
[Site "Barcelona ESP"]
[Date "2000.08.27"]
[Round "9"]
[White "Vehi Bach,V"]
[Black "De la Riva Aguado,O"]
[Result "1/2-1/2"]
[WhiteElo "2454"]
[BlackElo "2462"]

1.e4 c5 2.Nf3 Nc6 3.d4 cxd4 4.Nxd4 e6 5.Nc3 Qc7 6.Be2 a6 7.O-O Nf6 8.Kh1 Nxd4
9.Qxd4 Bc5 10.Qd3 b5 11.f4 Bb7 12.Bf3 h5 13.e5 Ng4 14.Bxb7 Qxb7 15.Ne4 Be7
16.Bd2 Rc8 17.Bc3 Nh6 18.a3 Nf5 19.Qf3 Qb6 20.Rad1 h4 21.Rd3  1/2-1/2

[Event "Royal CC NED-GER Match"]
[Site "Venlo NED"]
[Date "2000.08.27"]
[Round "4"]
[White "Van den Doel,E"]
[Black "Bischoff,K"]
[Result "1-0"]
[WhiteElo "2547"]
[BlackElo "2556"]

1.e4 c5 2.Nf3 e6 3.d4 cxd4 4.Nxd4 Nc6 5.Nc3 a6 6.Be2 Nge7 7.f4 b5 8.O-O Nxd4
9.Qxd4 Nc6 10.Qf2 Be7 11.Be3 O-O 12.Rad1 Bb7 13.a4 b4 14.Nb1 f5 15.e5 Bh4
16.g3 Be7 17.Nd2 Na5 18.Bf3 Bxf3 19.Nxf3 Qc8 20.b3 Nb7 21.Qd2 Rd8 22.Rc1 Qb8
23.Kh1 Nc5 24.Bxc5 Bxc5 25.c4 bxc3 26.Qxc3 Be7 27.Qd3 Qb7 28.Rc3 Rac8 29.Rfc1 Rxc3
30.Rxc3 h6 31.h4 d6 32.Qc4 dxe5 33.Qxe6+ Kh8 34.Qc6 Qxc6 35.Rxc6 exf4 36.gxf4 Bf6
37.Rxa6 Rd3 38.Ne5 Rxb3 39.a5 Bxe5 40.fxe5 Kg8 41.Ra8+ Kf7 42.a6  1-0

[Event "ch-HUN KO"]
[Site "Budapest HUN"]
[Date "2000.09.02"]
[Round "3.2"]
[White "Hajnal,Z"]
[Black "Fogarasi,T"]
[Result "1/2-1/2"]
[WhiteElo "2357"]
[BlackElo "2456"]

1.e4 c5 2.Nf3 e6 3.d4 cxd4 4.Nxd4 Nc6 5.Nc3 Qc7 6.Be3 a6 7.Be2 Nf6 8.O-O Be7
9.f4 d6 10.Qe1 O-O 11.Kh1 Nxd4 12.Bxd4 b5 13.a3 Bb7 14.Qg3 Rad8 15.Rae1 Rfe8
16.Bf3 g6 17.Re2 d5 18.e5 Ne4 19.Bxe4 dxe4 20.Qe3 Qc4 21.Rd1 a5 22.Nxe4 b4
23.Nd6 Bxd6 24.exd6 Rxd6 25.Red2 Rd5 26.axb4 axb4 27.c3 bxc3 28.Bxc3  1/2-1/2

[Event "LVI ch-POR"]
[Site "Barreiro POR"]
[Date "2000.09.03"]
[Round "2"]
[White "Padeiro,J"]
[Black "Santos,AP"]
[Result "1-0"]
[WhiteElo "2188"]
[BlackElo "2272"]

1.e4 c5 2.Nf3 Nc6 3.d4 cxd4 4.Nxd4 e6 5.Nc3 Qc7 6.g3 a6 7.Bg2 d6 8.O-O Bd7
9.a4 Nf6 10.Nb3 b6 11.f4 Be7 12.g4 O-O 13.g5 Ne8 14.Qh5 g6 15.Qh6 f5 16.Rf3 Rf7
17.Rh3 Rg7 18.exf5 gxf5 19.Be3 Bf8 20.Nd4 Rc8 21.Nxe6 Bxe6 22.Qxe6+ Kh8 23.g6 Qd8
24.Bxc6 Rxc6 25.Bd4  1-0

[Event "Golombek Mem"]
[Site "Paignton ENG"]
[Date "2000.09.03"]
[Round "1"]
[White "Van der Weide,K"]
[Black "Hillarp Persson,T"]
[Result "1-0"]
[WhiteElo "2467"]
[BlackElo "2549"]

1.e4 c5 2.Nf3 e6 3.d4 cxd4 4.Nxd4 Nc6 5.Nc3 Qc7 6.f4 a6 7.Nxc6 bxc6 8.Bd3 d5
9.O-O Nf6 10.Qf3 Bb7 11.Bd2 d4 12.Nd1 c5 13.b3 c4 14.bxc4 Be7 15.Nf2 O-O
16.Qh3 e5 17.f5 Ne8 18.Ng4 a5 19.Rf3 Ra6 20.Qh5 Nf6 21.Nxf6+ Rxf6 22.Rh3 h6
23.Rf1 Rb8 24.g4 Rc6 25.g5 Bf8 26.gxh6 g6 27.h7+ Kh8 28.fxg6 Rxg6+ 29.Rg3 Bg7
30.Rxg6 fxg6 31.Qxg6 Qc6 32.Qh5 a4 33.Rf7 Qe6 34.Bg5 Bc8 35.Bf6 Qxf6 36.Rxf6 Bxf6
37.Qf7 Bg7 38.Qg8+  1-0

[Event "chT-POL"]
[Site "Zakopane chT"]
[Date "2000.09.04"]
[Round "3"]
[White "Macieja,B"]
[Black "Kasperek,R"]
[Result "0-1"]
[WhiteElo "2536"]
[BlackElo "2316"]

1.e4 c5 2.Nf3 e6 3.d4 cxd4 4.Nxd4 Nc6 5.Nc3 Qc7 6.Be2 a6 7.f4 Nxd4 8.Qxd4 b5
9.Be3 Bb7 10.O-O Rc8 11.Bf3 h5 12.a4 b4 13.Na2 Qc4 14.c3 bxc3 15.Nxc3 Qxd4
16.Bxd4 Ne7 17.Rac1 f6 18.Ne2 Nc6 19.Bb6 Bd6 20.Rfd1 Ke7 21.Rc2 Bb4 22.Nc3 Nb8
23.Kf2 g5 24.e5 Bxf3 25.exf6+ Kxf6 26.Kxf3 Bxc3 27.Rxc3 Rxc3+ 28.bxc3 gxf4
29.Kxf4 Rg8 30.Bc7 d5 31.Be5+ Ke7 32.Kf3 Nd7 33.Bg3 Rc8 34.Bh4+ Kd6 35.Bg3+ e5  0-1

[Event "FSIMB September"]
[Site "Budapest HUN"]
[Date "2000.09.05"]
[Round "4"]
[White "Balogh,V"]
[Black "Gouret,T"]
[Result "1-0"]
[WhiteElo "2182"]
[BlackElo "2346"]

1.e4 c5 2.Nc3 e6 3.Nf3 Nc6 4.d4 cxd4 5.Nxd4 Qb6 6.Nb3 a6 7.Be2 Nf6 8.O-O Bb4
9.Bd3 Be7 10.Be3 Qc7 11.f4 d6 12.Qf3 Rb8 13.g4 O-O 14.Qh3 g6 15.f5 exf5 16.exf5 Ne5
17.g5 Nh5 18.Nd5 Qd8 19.Bb6 Qe8 20.Ba7 Ra8 21.Nc7 Qc6 22.Nxa8 b5 23.Nb6 Bb7
24.Nd4 Qc5 25.c3 Bd8 26.Nd7 Qxa7 27.Nxf8 Bb6 28.Ne6 fxe6 29.Qe3 Bd5 30.fxe6 Bxe6
31.Rf2 Bd5 32.Raf1 Ng4 33.Qe8+  1-0

[Event "chT-POL"]
[Site "Zakopane chT"]
[Date "2000.09.05"]
[Round "4"]
[White "Murawski,G"]
[Black "Hnyudiuk,A"]
[Result "0-1"]
[WhiteElo "2311"]
[BlackElo "2346"]

1.e4 c5 2.Nf3 e6 3.d4 cxd4 4.Nxd4 Nc6 5.Nc3 a6 6.Be3 Nf6 7.Bd3 d5 8.exd5 exd5
9.O-O Bd6 10.h3 O-O 11.Nxc6 bxc6 12.Na4 Qe7 13.Bd4 Be6 14.Nb6 Rad8 15.Qf3 Ne4
16.Bxe4 dxe4 17.Qxe4 Bc7 18.Nc4 Qb4 19.b3 Bxc4 20.Qg4 g6 21.bxc4 Qd6 22.Rfd1 f5
23.Qg3 Qxg3 24.fxg3 Bxg3 25.Rd3 Rfe8 26.Bf2 Rxd3 27.cxd3 f4 28.Kf1 Rb8 29.Bxg3 fxg3
30.Ke2 Rb2+ 31.Kf3 Rd2 32.Kxg3 Rxd3+ 33.Kf2 Rc3 34.Rb1 Rxc4 35.Rb6 a5 36.Ra6 a4
37.Kf3 h5 38.g3 Kf7 39.Ra7+ Ke6 40.g4 Rc3+ 41.Kf4 Rxh3 42.Kg5 Rg3 43.Kxg6 Rxg4+
44.Kxh5 Re4 45.Kg5 c5 46.Ra6+ Kd5 47.Kf5 Re8  0-1

[Event "chT-POL"]
[Site "Zakopane chT"]
[Date "2000.09.05"]
[Round "4"]
[White "Socko,B"]
[Black "Ksieski,Z"]
[Result "1-0"]
[WhiteElo "2528"]
[BlackElo "2377"]

1.e4 c5 2.Nf3 e6 3.d4 cxd4 4.Nxd4 Nc6 5.Nc3 d6 6.Be3 Nf6 7.f3 Be7 8.Qd2 O-O
9.O-O-O d5 10.exd5 Nxd5 11.Nxd5 Qxd5 12.c4 Qd6 13.Nxc6 Qxc6 14.Bd3 e5 15.Kb1 Be6
16.Qc2 Rac8 17.Bxh7+ Kh8 18.Bd3 a5 19.Rc1 f5 20.Rhe1 Rfd8 21.Bg1 Bg5 22.Rcd1 Qc7
23.g3 Bg8 24.Ka1 Bh7 25.Qb3 Qc6 26.Bc2 Rxd1+ 27.Bxd1 e4 28.f4 Bf6 29.Be2 a4
30.Qb4 Ra8 31.a3 Bg8 32.Qb6 Rc8 33.Qxc6 bxc6 34.Rd1 c5 35.Rd2 g5 36.Kb1 gxf4
37.gxf4 Bf7 38.Kc1 Kg7 39.Rd7 Kg6 40.Bf2 Be6 41.Rd6 Kf7 42.h4 Rb8 43.Bh5+ Ke7
44.Bxc5 Bxb2+ 45.Kc2 Rh8 46.Bg6 Bg7 47.Ra6+ Kd7 48.Rd6+ Ke7 49.Rd2+ Kf6 50.Rg2 Rd8
51.Bh5 Bf8 52.Rg6+ Kf7 53.Rh6+ Kg8 54.Bxf8 Bxc4 55.Bd6 Bf7 56.Be5 Bb3+ 57.Kb1 Kf8
58.Rh8+ Bg8 59.Rh6 Bc4 60.Rf6+ Kg8 61.Rg6+ Kh7 62.Rg3 Be6 63.Be2 Rd2 64.Bb5 Bb3
65.Be8 Rd1+ 66.Kb2 Rd2+ 67.Kc3 Rc2+ 68.Kb4 Rc4+ 69.Kb5 e3 70.Rxe3 Re4 71.Rxe4 fxe4
72.Kb4  1-0

[Event "chT-POL"]
[Site "Zakopane chT"]
[Date "2000.09.05"]
[Round "4"]
[White "Bielczyk,J"]
[Black "Grobelny,A"]
[Result "1/2-1/2"]
[WhiteElo "2377"]
[BlackElo "2244"]

1.e4 c5 2.Nf3 e6 3.d4 cxd4 4.Nxd4 Nc6 5.Nc3 d6 6.Be3 Nf6 7.Be2 Be7 8.O-O O-O
9.f4 e5 10.Nb3 a5 11.a4 Nb4 12.Bf3 Be6 13.Kh1 Qc7 14.f5 Bc4 15.Rf2 Rfd8 16.Rd2 b6
17.Nc1 Rab8  1/2-1/2

[Event "FIDE World Cup KO"]
[Site "Shenyang CHN"]
[Date "2000.09.07"]
[Round "1.2"]
[White "Movsesian,S"]
[Black "Milos,G"]
[Result "1/2-1/2"]
[WhiteElo "2666"]
[BlackElo "2633"]

1.e4 c5 2.Nf3 e6 3.d4 cxd4 4.Nxd4 Nc6 5.Nc3 Qc7 6.g3 a6 7.Bg2 Nf6 8.O-O d6
9.Re1 Nd7 10.Nxc6 bxc6 11.Na4 Bb7 12.c4 c5 13.b3 Be7 14.Bb2 O-O 15.Qd2 Bc6
16.Nc3 Bf6 17.Ne2 Bxb2 18.Qxb2 Ne5 19.Rad1 Bb7 20.f4 Nc6 21.e5 dxe5 22.fxe5 Rfd8
23.Qc3 h6 24.Qe3 Nb4 25.Bxb7 Qxb7 26.Rf1 Nxa2 27.Nf4 Rab8 28.Rd6 Qc7 29.Rfd1 Nb4
30.R1d2 Qa5 31.Rxd8+ Rxd8 32.Rxd8+ Qxd8 33.Qxc5 Qd1+ 34.Kg2 Qxb3 35.Qc8+ Kh7
36.Qb7 Qxc4 37.Qxf7 Qe4+ 38.Kg1 Qe1+ 39.Kg2 Qe4+ 40.Kg1 Qf5 41.Qe8 Qb1+ 42.Kg2 Qc2+
43.Kf1 Qc4+ 44.Ke1 Qe4+ 45.Kf2 Qf5 46.Kg1 Qb1+ 47.Kg2 Qc2+ 48.Kf1 Nd5 49.Nxe6 Ne3+
50.Ke1 Ng2+ 51.Kf1 Ne3+ 52.Ke1 Qd1+ 53.Kf2 Ng4+ 54.Kg2 Ne3+ 55.Kf2 Ng4+ 56.Kg2 Qe2+
57.Kh3 Nf2+ 58.Kg2 Nd3+ 59.Kh3 Qf1+ 60.Kh4 g5+ 61.Nxg5+ hxg5+ 62.Kxg5 Qc1+
63.Kf5 Qf1+ 64.Kg5 Qc1+ 65.Kf5 Qf1+ 66.Ke4 Nxe5  1/2-1/2

[Event "FIDE World Cup KO"]
[Site "Shenyang CHN"]
[Date "2000.09.08"]
[Round "1.3"]
[White "Movsesian,S"]
[Black "Milos,G"]
[Result "1-0"]
[WhiteElo "2666"]
[BlackElo "2633"]

1.e4 c5 2.Nf3 e6 3.d4 cxd4 4.Nxd4 Nc6 5.Nc3 a6 6.Be3 Qc7 7.Bd3 Nf6 8.O-O Ne5
9.f4 Neg4 10.Bd2 Bc5 11.Ne2 d6 12.h3 e5 13.c3 Ba7 14.hxg4 Bxg4 15.Be3 exd4
16.Bxd4 O-O 17.Bxa7 Rxa7 18.Qd2 Re8 19.Ng3 Qc5+ 20.Qf2 b6 21.Qd4 Bc8 22.Rfe1 Rae7
23.Re2 g6 24.Rae1 Bb7 25.e5 dxe5 26.fxe5 Qc6 27.Be4 Nxe4 28.Nxe4 Rc8 29.Nf6+ Kg7
30.Rf2 Re6 31.Qf4 Rc7 32.Ng4 Rce7 33.Ref1 Kf8 34.Qh6+ Ke8 35.Nf6+ Kd8 36.Qf8+ Kc7
37.Rd1 Re8 38.Nxe8+ Rxe8 39.Qd6+  1-0

[Event "chT-POL"]
[Site "Zakopane chT"]
[Date "2000.09.10"]
[Round "8"]
[White "Szelag,M"]
[Black "Grobelny,A"]
[Result "1-0"]
[WhiteElo "2436"]
[BlackElo "2244"]

1.e4 c5 2.Nf3 e6 3.d4 cxd4 4.Nxd4 Nc6 5.Nc3 d6 6.Be2 Be7 7.O-O Nf6 8.Kh1 O-O
9.f4 e5 10.Nb3 a5 11.a4 Nb4 12.Bf3 Qc7 13.Be3 Be6 14.Rf2 Rfd8 15.Rd2 Rd7
16.g4 Bc4 17.g5 exf4 18.Bxf4 Ne8 19.Nd4 Qc5 20.Nf5 Bf8 21.Nd5 Bxd5 22.exd5 Qc4
23.Be3 Nc7 24.b3 Qa6 25.c3 Re8 26.cxb4 g6 27.b5 Qa8 28.Bd4 gxf5 29.Qc2 Rde7
30.Qxf5 Re5 31.Bxe5 Rxe5 32.Qf4 Qe8 33.Kg2 Bg7 34.Rc1 Na8 35.Bh5 Nb6 36.Rf1 Re7  1-0

[Event "zt 1.1"]
[Site "Mondariz ESP"]
[Date "2000.09.11"]
[Round "8"]
[White "De la Riva Aguado,O"]
[Black "Plaskett,J"]
[Result "1-0"]
[WhiteElo "2462"]
[BlackElo "2525"]

1.e4 c5 2.Nf3 e6 3.d4 cxd4 4.Nxd4 Nc6 5.Nc3 Qc7 6.g3 a6 7.Bg2 Nf6 8.O-O Be7
9.Re1 Nxd4 10.e5 Nb5 11.exf6 gxf6 12.Nd5 exd5 13.Bxd5 h5 14.a4 Na7 15.Qd4 d6
16.Qxf6 Rf8 17.Bg5 Be6 18.Qg7 Bxg5 19.Rxe6+ Be7 20.Re4 O-O-O 21.Rae1 Rde8
22.Rxe7  1-0

[Event "It Gp A"]
[Site "Albacete ESP"]
[Date "2000.09.12"]
[Round "8"]
[White "Korneev,O"]
[Black "Oms Pallise,J"]
[Result "1/2-1/2"]
[WhiteElo "2619"]
[BlackElo "2430"]

1.e4 c5 2.Nf3 Nc6 3.d4 cxd4 4.Nxd4 e6 5.Nc3 Qc7 6.Be3 a6 7.Qd2 Nf6 8.f3 Ne5
9.O-O-O Bb4 10.Nb3 b5 11.Bd4 Be7 12.Kb1 Bb7 13.Qg5 Ng6 14.e5 Nd5 15.Nxd5 Bxd5
16.Qe3 Rc8 17.Bd3 O-O 18.h4 f6 19.exf6 Bxf6 20.h5 Ne5 21.h6 g6 22.Be4 Nc4
23.Qd3 Bxe4 24.Qxe4 Bxd4 25.Qxd4 Rf7 26.Rhe1 Nb6 27.c3 Nd5 28.Nd2 Qf4 29.Ne4 Rc6
30.Qd2 Qxd2 31.Rxd2 Rf5 32.b3 Kf8 33.Rh1 Ke7 34.Kb2 Nf6 35.Nxf6 Rxf6 36.Rd4 Rf5
37.f4 Rd6 38.g3 Rxd4 39.cxd4 g5 40.Kc3 gxf4 41.gxf4 Rxf4 42.a4 bxa4 43.bxa4 Kd6
44.a5 Rf5 45.Ra1 Rh5 46.Rg1 Rxh6 47.Rg8 Rg6 48.Ra8  1/2-1/2

[Event "chT-POL"]
[Site "Zakopane chT"]
[Date "2000.09.12"]
[Round "10"]
[White "Szelag,M"]
[Black "Ksieski,Z"]
[Result "1/2-1/2"]
[WhiteElo "2436"]
[BlackElo "2377"]

1.e4 c5 2.Nf3 e6 3.d4 cxd4 4.Nxd4 Nc6 5.Nc3 d6 6.Be2 Be7 7.O-O Nf6 8.Kh1 O-O
9.f4 Nxd4 10.Qxd4 b6 11.Be3 Bb7 12.Bf3 Rc8 13.Rfd1 Qc7 14.Rac1  1/2-1/2

[Event "zt 1.1"]
[Site "Mondariz ESP"]
[Date "2000.09.13"]
[Round "10"]
[White "David,Alb"]
[Black "Plaskett,J"]
[Result "1-0"]
[WhiteElo "2487"]
[BlackElo "2525"]

1.e4 c5 2.Nf3 e6 3.d4 cxd4 4.Nxd4 Nc6 5.Nc3 Qc7 6.Be2 a6 7.O-O Nf6 8.Be3 Be7
9.f4 d6 10.Kh1 O-O 11.Qe1 Bd7 12.Qg3 Kh8 13.Nf3 b5 14.e5 Ne8 15.Bd3 f5 16.exf6 Nxf6
17.Ng5 Nb4 18.Bd4 Nxd3 19.Qxd3 Qc4 20.Qxc4 bxc4 21.Nxe6 Bxe6 22.Rae1 Bf5
23.Rxe7 h5 24.Rfe1 Bxc2 25.R1e3 Kg8 26.Nd5 Rf7 27.Nxf6+ gxf6 28.R7e6 d5 29.Bxf6 d4
30.Rg3+ Kh7 31.Rg5 d3 32.Rxh5+ Kg6 33.Rg5+ Kh7 34.Bc3 Bd1 35.Re3  1-0

[Event "World Seniors"]
[Site "Rowy POL"]
[Date "2000.09.13"]
[Round "3"]
[White "Zhukov,V"]
[Black "Godes,D"]
[Result "0-1"]
[WhiteElo "2215"]
[BlackElo "2344"]

1.e4 c5 2.Nf3 e6 3.d4 cxd4 4.Nxd4 Nc6 5.Nc3 d6 6.Be3 a6 7.Be2 Qc7 8.f4 Nf6
9.O-O Be7 10.a4 O-O 11.Nb3 b6 12.Bf3 Rb8 13.Qe2 Na5 14.Nd2 Rd8 15.Qf2 d5
16.Kh1 Bc5 17.exd5 exd5 18.Bd4 Bxd4 19.Qxd4 Nc6 20.Qg1 Nb4 21.Nb3 Qxf4 22.Rad1 Qc7
23.Rd4 a5 24.Qf2 Bf5 25.Bd1 Be4 26.Qh4 Qe5 27.Qf2 Re8 28.Rd2 Bg6 29.Bf3 Ne4
30.Bxe4 dxe4 31.Qe3 f5 32.Nd4 Rbd8 33.g3 h6 34.Rfd1 Bh5 35.Rf1 Bg4 36.Ncb5 Nd5
37.Qb3 e3 38.Rd3 Kh7 39.Re1 Bh3 40.Re2 f4 41.Kg1 fxg3 42.Nf3 gxh2+ 43.Kh1 Qg3
44.Ne1 Qg1+  0-1

[Event "zt 1.1"]
[Site "Mondariz ESP"]
[Date "2000.09.14"]
[Round "11"]
[White "Nataf,IA"]
[Black "Emms,J"]
[Result "1/2-1/2"]
[WhiteElo "2526"]
[BlackElo "2527"]

1.e4 c5 2.Nf3 Nc6 3.Nc3 e6 4.d4 cxd4 5.Nxd4 Qc7 6.Be2 a6 7.O-O Nf6 8.Kh1 Be7
9.f4 d6 10.a4 O-O 11.Be3 Nxd4 12.Qxd4 Bd7 13.e5 Ne8 14.Ne4 Bc6 15.Bf3 Rd8
16.Qc3 Rc8 17.a5 f5 18.exf6 Nxf6 19.Qb3 Nd5 20.Nc3 Nxc3 21.Qxe6+ Rf7 22.Bxc6 Qxc6
23.bxc3 Qc4 24.Qxc4 Rxc4 25.Bd4 Bf6 26.g3 Bxd4 27.cxd4 Rfc7 28.Rf2 Rxd4 29.Kg2 Rd5
30.Re2 Kf7 31.Kf3 Rb5 32.Rd2 d5 33.Re2 h5 34.Ra3 Rbc5 35.Rd2 Rb5 36.Re2 g6
37.h3 Rbc5 38.Rd2 Ke6 39.Re3+ Kf6 40.Ra3 Ke6 41.Re3+ Kf6 42.Ra3 Rc3+ 43.Rxc3 Rxc3+
44.Rd3 Rc5 45.Rb3 Rxc2 46.g4 hxg4+ 47.hxg4 g5 48.fxg5+ Kxg5 49.Ke3 Rc5 50.Kd4 Rxa5
51.Rxb7 Kxg4 52.Rd7 Kf3 53.Rxd5 Rxd5+ 54.Kxd5 a5 55.Kc5 a4 56.Kb4 a3 57.Kxa3  1/2-1/2

[Event "Najdorf Final KO"]
[Site "Buenos Aires ARG"]
[Date "2000.09.15"]
[Round "4.1"]
[White "Pierrot,F"]
[Black "Vescovi,G"]
[Result "1/2-1/2"]
[WhiteElo "2423"]
[BlackElo "2526"]

1.e4 c5 2.Nf3 e6 3.d4 cxd4 4.Nxd4 Nc6 5.Nc3 Qc7 6.Be2 a6 7.Be3 Nf6 8.O-O Bb4
9.Na4 Be7 10.Nxc6 bxc6 11.Nb6 Rb8 12.Nxc8 Qxc8 13.e5 Nd5 14.Bc1 Bc5 15.c4 Ne7
16.b3 Qc7 17.Bb2 d6 18.exd6 Bxd6 19.g3 Be5 20.Bxe5 Qxe5 21.Re1 c5 22.Bh5 Qc7
23.Rxe6 g6 24.Rxa6 gxh5 25.Qxh5 O-O 26.Rh6 Ng6 27.Rxh7 Qe5 28.Qxe5 Nxe5 29.Rh5 f6
30.f4 Nf3+ 31.Kg2 Nd4 32.Rxc5 Ra8 33.Rf1 Rxa2+ 34.Rf2 Rxf2+ 35.Kxf2 Re8 36.Rd5 Nxb3
37.Kf3 Kf7 38.Kg4 Rh8 39.h4  1/2-1/2

[Event "Banc Post Int"]
[Site "Miercurea Ciuc ROM"]
[Date "2000.09.19"]
[Round "4"]
[White "Sofronie,I"]
[Black "Gamback,B"]
[Result "1-0"]
[WhiteElo "2383"]
[BlackElo "2235"]

1.e4 c5 2.Nf3 Nc6 3.Nc3 e6 4.d4 cxd4 5.Nxd4 Nf6 6.Be3 Bb4 7.Bd3 d5 8.exd5 Nxd5
9.Nxc6 bxc6 10.Bd2 Nxc3 11.bxc3 Bd6 12.Qh5 Qf6 13.O-O h6 14.f4 O-O 15.Rae1 c5
16.g4 g6 17.Qxh6 Bb7 18.g5 Qg7 19.Qxg7+ Kxg7 20.c4 Rfd8 21.Re3 Kg8 22.Bc3 Bf8
23.Rb1 Bc6 24.Kf2 Bg7 25.Bxg7 Kxg7 26.Re5 Ba4 27.Rb7 Bxc2 28.Bxc2 Rd2+ 29.Re2 Rad8
30.Rxa7 R8d4 31.Ke1 Rxe2+ 32.Kxe2 Rxf4 33.Ke3 Rxc4 34.Bb3 Rc3+ 35.Kd2  1-0

[Event "WJun (Girls)"]
[Site "Yerevan ARM"]
[Date "2000.09.19"]
[Round "2"]
[White "Wang Yu"]
[Black "Gasparian,M"]
[Result "1-0"]
[WhiteElo "2401"]
[BlackElo "2090"]

1.e4 c5 2.Nf3 e6 3.d4 cxd4 4.Nxd4 Nc6 5.Nc3 Qc7 6.Ndb5 Qb8 7.Be3 a6 8.Bb6 axb5
9.Nxb5 Bb4+ 10.c3 Ba5 11.Nc7+ Qxc7 12.Bxc7 Bxc7 13.Qg4 g6 14.Bc4 Nge7 15.Qe2 O-O
16.O-O d5 17.Bd3 d4 18.c4 f5 19.a3 e5 20.f3 Be6 21.b4 fxe4 22.fxe4 Rxf1+
23.Rxf1 Kg7 24.c5 Rxa3 25.b5 Nb4 26.Bc4 Re3 27.Qf2 Bf5 28.Qh4 Bd8 29.exf5 gxf5
30.Qg5+ Kf8 31.Qf6+ Ke8 32.Bf7+ Kd7 33.Qd6+  1-0

[Event "Super Final"]
[Site "Buenos Aires ARG"]
[Date "2000.09.20"]
[Round "3"]
[White "Milos,G"]
[Black "Ricardi,P"]
[Result "0-1"]
[WhiteElo "2633"]
[BlackElo "2488"]

1.e4 c5 2.Nf3 e6 3.d4 cxd4 4.Nxd4 Nc6 5.Nc3 Nf6 6.Ndb5 d6 7.Bf4 e5 8.Bg5 a6
9.Na3 b5 10.Nd5 Be7 11.Bxf6 Bxf6 12.c3 Ne7 13.Nxf6+ gxf6 14.c4 f5 15.exf5 Nxf5
16.cxb5 Rg8 17.Bc4 Bb7 18.Bd5 Qa5+ 19.Kf1 Bxd5 20.Qxd5 Ke7 21.Rc1 axb5 22.g3 b4
23.Nb5 Rgc8 24.Kg2 Rxc1 25.Rxc1 Qxa2 26.Rc7+ Kf6 27.Qf3 Ke6 28.b3 Rg8 29.Rc4 h5
30.Nc7+ Kf6 31.Nd5+ Ke6 32.Nc7+ Kf6 33.Nd5+ Ke6 34.Nxb4 Qa8 35.Nc6 d5 36.Qe2 dxc4  0-1